Teoretické štúdium adsorpcie vodíka na materiáloch na báze borofénu

Saved in:
Bibliographic Details
Main Author: Čermáková, Kristína (Author)
Other Authors: Malček, Michal (Thesis advisor)
Format: Manuscript Book
Language:Slovak
Published: 2024
Subjects:
Online Access:http://is.stuba.sk/zp/portal_zp.pl?podrobnosti=176572
Tags: Add Tag
No Tags, Be the first to tag this record!

MARC

LEADER 00000ntm a22000003a 4500
001 stuzp98292
003 SK-STU
005 20240601210343.9
007 ta
008 150427s2015----xo-----f-mn---000-0-slo-d
040 |a STU  |b slo 
041 0 |a slo 
100 1 |a Čermáková, Kristína  |u 045210  |4 aut  |U FCHPT Ústav fyzikálnej chémie a chemickej fyziky  |T FCHPT Oddelenie fyzikálnej chémie  |X 105395  |U C5210  |Y 117  |7 105395 
242 0 1 |a Theoretical study of hydrogen adsorption on the borophene-based materials  |y eng 
245 1 0 |a Teoretické štúdium adsorpcie vodíka na materiáloch na báze borofénu 
260 |c 2024 
650 4 |a prechodné kovy  |2 slo 
650 4 |a teoretická chémia  |2 slo 
650 4 |a borofén  |2 slo 
650 4 |a DFT  |2 slo 
650 4 |a vodíková energia  |2 slo 
650 4 |a adsorpcia vodíka  |2 slo 
650 4 |a Borophene  |2 eng 
650 4 |a Theoretical Chemistry  |2 eng 
650 4 |a Transition Metals  |2 eng 
650 4 |a DFT  |2 eng 
650 4 |a Hydrogen Energy  |2 eng 
650 4 |a Hydrogen Adsorption  |2 eng 
700 1 |a Malček, Michal  |u 045210  |k Z1  |4 ths  |U FCHPT Ústav fyzikálnej chémie a chemickej fyziky  |T FCHPT Oddelenie fyzikálnej chémie  |X 40681  |U C5210  |Y 117  |7 A000040681 
856 4 |u http://is.stuba.sk/zp/portal_zp.pl?podrobnosti=176572